Návrh opatrení na zdokonalenie materiálového toku v podniku ZF Sachs Slovakia, a. s., Trnava

Saved in:
Bibliographic Details
Main Author: Straka, Marek, 1989- (Author)
Other Authors: Rybanský, Rudolf, 1947- (Thesis advisor)
Format: Manuscript Book
Language:Slovak
Published: Trnava : STU v Bratislave MTF UPMK, 2012
Subjects:
Online Access:VAIS
Tags: Add Tag
No Tags, Be the first to tag this record!

MARC

LEADER 00000ntm a22000003a 4500
001 stu251092
005 20150617230205.2
008 120719s2012----xo------------------slo-d
040 |a STU  |b slo 
041 0 |a slo 
044 |a xo 
100 1 |a Straka, Marek,  |d 1989-  |4 aut  |u M  |T MTF Materiálovotechnologická fakulta  |X 66265  |U M  |Y 60  |7 A000066265 
242 0 0 |a Proposed measures to improve material flow in the company ZF SACHS Slovakia, a.s., Trnava.  |y eng 
245 1 |a Návrh opatrení na zdokonalenie materiálového toku v podniku ZF Sachs Slovakia, a. s., Trnava 
260 |a Trnava :  |b STU v Bratislave MTF UPMK,  |c 2012 
300 |a 65s  |c CD ROM 
650 7 |a priemyselné manažérstvo  |2 stusub 
650 7 |a Industrial Management  |2 estusub 
650 7 |a production logistics  |2 estusub 
650 7 |a material flow  |2 estusub 
650 7 |a výrobný proces  |2 stusub 
650 7 |a výrobná logistika  |2 stusub 
650 7 |a materiálový tok  |2 stusub 
700 1 |a Rybanský, Rudolf,  |d 1947-  |4 ths  |u M4000  |U MTF Materiálovotechnologická fakulta  |T MTF Ústav priemyselného inžinierstva a manažmentu  |X 1543  |U M4000  |Y 84  |7 A000001543 
856 4 |a info a plný text  |u http://is.stuba.sk/zp/portal_zp.pl?podrobnosti=66336  |3 VAIS 
996 |c M*BP-5746  |l MMSKP  |s P  |a 0  |w stu251092_0001